LEADER 01127nam--2200373---4500 001 990001044360203316 005 20050628121819.0 010 $a88-7684-425-2 035 $a0104436 035 $aUSA010104436 035 $a(ALEPH)000104436USA01 035 $a0104436 100 $a20020319d1996----km-y0ENGy0103----ba 101 $aita 102 $aIT 200 1 $a<> cammino delle antiche pietre$fM. Scott Peck$gillustrazioni di Christopher Peck$g 210 $aMilano$cFrassinelli$d1996 215 $aXII, 410 p.$d21 cm 225 2 $aItinerari 410 $12001 606 $aMonumenti megalitici$yGran Bretagna 676 $a720.941 700 1$aPECK,$bMorgan Scott$0141495 801 0$aIT$bsalbc$gISBD 912 $a990001044360203316 951 $aVII.4.B. 56(IV C 2758)$b143401 LM$cIV C 959 $aBK 969 $aUMA 979 $aPATTY$b90$c20020319$lUSA01$h1727 979 $c20020403$lUSA01$h1744 979 $aPATRY$b90$c20040406$lUSA01$h1712 979 $aCOPAT2$b90$c20050628$lUSA01$h1218 996 $aCammino delle antiche pietre$9976482 997 $aUNISA LEADER 02303nam0 22005053i 450 001 VAN00211588 005 20250217042431.509 017 70$2N$a9783030014827 100 $a20210908d2018 |0itac50 ba 101 $aeng 102 $aCH 105 $a|||| ||||| 200 1 $aQuantum Confined Excitons in 2-Dimensional Materials$eDoctoral Thesis accepted by the University of Cambridge, Cambridge, UK$fCarmen Palacios-Berraquero 210 $aCham$cSpringer$d2018 215 $axii, 116 p.$cill.$d24 cm 410 1$1001VAN00104193$12001 $aSpringer theses$erecognizing outstanding Ph.D. research$1210 $aBerlin$cSpringer$d2010- 500 1$3VAN00211589$aQuantum Confined Excitons in 2-Dimensional Materials$92544824 606 $a00A79 (77-XX)$xPhysics [MSC 2020]$3VANC023182$2MF 606 $a74A50$xStructured surfaces and interfaces, coexistent phases [MSC 2020]$3VANC036162$2MF 606 $a74K35$xThin films [MSC 2020]$3VANC033952$2MF 606 $a81V80$xQuantum optics [MSC 2020]$3VANC023592$2MF 610 $a2-D Semiconductor$9KW:K 610 $a2-Dimensional (2d) Materials$9KW:K 610 $aLight Emitting Diodes$9KW:K 610 $aMatter Qubit$9KW:K 610 $aQuantum Communications$9KW:K 610 $aQuantum Confined Excitons$9KW:K 610 $aQuantum Confinement$9KW:K 610 $aQuantum Dots$9KW:K 610 $aQuantum Emitter$9KW:K 610 $aQuantum Technologies$9KW:K 610 $aSingle Photon Source$9KW:K 610 $aSpin-photo Interface$9KW:K 610 $aTransition Metal Dicalchogenides$9KW:K 620 $aCH$dCham$3VANL001889 700 1$aPalacios-Berraquero$bCarmen$3VANV182160$01065355 712 $aSpringer $3VANV108073$4650 801 $aIT$bSOL$c20250221$gRICA 856 4 $uhttp://doi.org/10.1007/978-3-030-01482-7$zE-book ? Accesso al full-text attraverso riconoscimento IP di Ateneo, proxy e/o Shibboleth 899 $aBIBLIOTECA DEL DIPARTIMENTO DI MATEMATICA E FISICA$1IT-CE0120$2VAN08 912 $fN 912 $aVAN00211588 950 $aBIBLIOTECA DEL DIPARTIMENTO DI MATEMATICA E FISICA$d08DLOAD e-book 3648 $e08eMF3648 20210908 996 $aQuantum Confined Excitons in 2-Dimensional Materials$92544824 997 $aUNICAMPANIA